Authors by Picture - Statistics

General Stats
  • This quiz has been taken 106 times
  • The average score is 9 of 24
Answer Stats
Picture Answer % Correct
Jane Austen
92%
William Shakespeare
90%
George Orwell
77%
Leo Tolstoy
73%
Charlotte Brontë
62%
Voltaire
52%
Mary Shelley
47%
Roald Dahl
43%
Sylvia Plath
43%
Truman Capote
39%
George Gordon Byron, Lord Byron
38%
Albert Camus
26%
Ian Fleming
26%
Harper Lee
22%
Geoffrey Chaucer
19%
Douglas Adams
16%
Rudyard Kipling
16%
Walt Whitman
16%
Robert Burns
14%
Harriet Beecher Stowe
13%
John le Carré
9%
Hilary Mantel
8%
William Blake
8%
Chinua Achebe
5%
No matching quizzes found
Score Distribution
Percent of People with Each Score
Percentile by Number Answered
Your Score History
You have not taken this quiz